Warschauer Pakt Länder - Sudden Death - Statistiken

Allgemein
  • Dieses Quiz wurde 160 mal gespielt
  • Das Durchschnittsergebnis liegt bei 4 aus 8
Answers on the Grid
Answers color-coded by a green-red scale on the quiz's grid according to % correct below.
Albanien
Bulgarien
DDR
Finnland
Georgien
Griechenland
Jugoslawien
Kasachstan
Österreich
Polen
Rumänien
Schweden
Tschechoslowakei
Türkei
UdSSR
Ungarn
 
Antwortstatistiken
Antwort % Korrekt
DDR
83%
UdSSR
54%
Tschechoslowakei
49%
Polen
47%
Bulgarien
45%
Ungarn
39%
Rumänien
36%
Albanien
27%
Keine übereinstimmenden Quizze gefunden
Verteilung der Resultate
Anzahl Personen mit jedem Resultat
Perzentil nach korrekt beantworteten Fragen
Ihre Resultats-Entwicklung
Sie haben dieses Quiz noch nicht gespielt